Derecho de propiedad: la acción reivindicatoria y la acción de precario

Gardado en:
Detalles Bibliográficos
Autor Principal: González Cazorla, Fabián (Author)
Formato: Libro
Idioma:Lingua castelá
Publicado: Santiago Metropolitana 2017
Edición:1a. ed
Subjects:
Tags: Engadir etiqueta
Sen Etiquetas, Sexa o primeiro en etiquetar este rexistro!

MARC

LEADER 00000cam a2200000 a 4500
001 UCC1912
003 CL-VaPUC
008 171208e20170000cl |||||||||||||||||spa|d
020 |a 9789562862363 
082 0 4 |a 346.04  |b GON  |2 21 
100 |a González Cazorla, Fabián  |e author  |9 602034 
245 1 0 |a Derecho de propiedad: la acción reivindicatoria y la acción de precario 
250 |a 1a. ed 
300 |a 268 p 
942 |c BK 
945 |d 20171208 18:54:00  |a dcastane 
260 |a Santiago  |b Metropolitana  |c 2017 
650 0 |a Derecho de propiedad  |9 256450 
650 0 |a Propiedad privada  |9 257919 
650 0 |a Derecho natural   |9 255041 
583 |a last modification  |c 20171208 18:54:00  |k Rodrigo Vera 
999 |c 370246  |d 370244 
952 |0 0  |1 0  |3 erb  |4 0  |6 346_040000000000000_GON_2017  |7 0  |8 A  |9 486599  |a BIBDER  |b BIBDER  |i 5440998  |l 2  |o 346.04 GON 2017  |p 5440998  |r 2024-03-20  |s 2024-03-20  |w 2019-11-24  |y BK  |z Catalogado en:20171208  |k DER